| LEADER | 02063nam a2200565 i 4500 | ||
|---|---|---|---|
| 001 | nkc20233535627 | ||
| 003 | CZ PrNK | ||
| 005 | 20240111115220.0 | ||
| 007 | ta | ||
| 008 | 230817s2023 xr a e f 000 0 ita | ||
| 015 | |a cnb003535627 | ||
| 020 | |a 978-80-7428-439-7 |q (brožováno) | ||
| 035 | |a (OCoLC)1402155804 | ||
| 040 | |a ABA001 |b cze |d OLA001 |e rda | ||
| 041 | 1 | |a ita |h cze | |
| 043 | |a e-xr--- |b e-xr-pg |2 czenas | ||
| 072 | 7 | |a 681 |x Přesná mechanika a přístroje |2 Konspekt |9 19 | |
| 080 | |a 72:904 |2 MRF | ||
| 080 | |a 681.113.91 |2 MRF | ||
| 080 | |a 904:62 |2 MRF | ||
| 080 | |a (437.311) |2 MRF | ||
| 080 | |a (036) |2 MRF | ||
| 245 | 0 | 0 | |a Orologio astronomico di Praga |
| 250 | |a Vydání první | ||
| 264 | 1 | |a Praha : |b Pavel Jeřábek - nakladatelství Plot, |c 2023 | |
| 300 | |a 16 nečíslovaných stran : |b ilustrace (převážně barevné) ; |c 19 cm | ||
| 336 | |a text |b txt |2 rdacontent | ||
| 336 | |a statický obraz |b sti |2 rdacontent | ||
| 337 | |a bez média |b n |2 rdamedia | ||
| 338 | |a svazek |b nc |2 rdacarrier | ||
| 500 | |a Přeloženo z češtiny? | ||
| 500 | |a Název z obálky | ||
| 650 | 0 | 7 | |a Staroměstský orloj (Praha, Česko) |7 ph1151423 |2 czenas |
| 650 | 0 | 7 | |a orloje |7 ph123816 |z Česko |2 czenas |
| 650 | 0 | 7 | |a architektonické památky |7 ph118585 |z Česko |2 czenas |
| 650 | 0 | 7 | |a technické památky |7 ph126474 |z Česko |2 czenas |
| 650 | 0 | 9 | |a Prague Astronomical Clock (Prague, Czechia) |2 eczenas |
| 650 | 0 | 9 | |a astronomical clocks |z Czechia |2 eczenas |
| 650 | 0 | 9 | |a architectural monuments |z Czechia |2 eczenas |
| 650 | 0 | 9 | |a technical antiquities |z Czechia |2 eczenas |
| 651 | 7 | |a Staroměstské náměstí (Praha, Česko) |7 ge130929 |2 czenas | |
| 651 | 9 | |a Staroměstské náměstí Square (Prague, Czechia) |2 eczenas | |
| 655 | 7 | |a informační publikace |7 fd132454 |2 czenas | |
| 655 | 9 | |a information publications |2 eczenas | |
| 910 | 2 | |a BOA001 |b 1-1513.394 | |
| 928 | 9 | |a Plot | |
| 990 | |a BK | ||
| 995 | |a 01 | ||
| 991 | |b 202309 |c NOV | ||
| 996 | 6 | |b 2610947555 |c 1-1513.394 |l MZK |r Sklad / do 1 hodiny |n 0 |p p.v. |w 001937521 |u 000010 |a 1 |e BOA001 |j MZK50 |s P | |
English
Čeština 